Southville International School and Colleges
Your cart is empty.
  • Cart
  • Lists
    Public lists Eva Luna New books Lux_list list_1
    Your lists Log in to create your own lists
  • Log in to your account
  • Your cookies
  • Search history
Southville International School and Colleges
  • Advanced search
  • Recent comments
  • Most popular
  • Libraries

Log in to your account

Log in with GOOGLE


If you do not have an external account, but do have a local account, you can still log in:

  1. Home
  2. MARC view: General, organic, and biochemistry /
Normal view MARC view ISBD view

General, organic, and biochemistry / (Record no. 357532)

[ view plain ]
MARC details
000 -LEADER
fixed length control field 00632nam a2200229Ia 4500
008 - FIXED-LENGTH DATA ELEMENTS--GENERAL INFORMATION
fixed length control field 180523s9999 xx 000 0 und d
020 ## - INTERNATIONAL STANDARD BOOK NUMBER
International Standard Book Number 0-07-123732-1
050 ## - LIBRARY OF CONGRESS CALL NUMBER
Classification number MAIN QD 253.2
050 ## - LIBRARY OF CONGRESS CALL NUMBER
Item number .D46 2004 c.2
100 ## - MAIN ENTRY--PERSONAL NAME
Personal name Denniston, Katherine J.
245 #0 - TITLE STATEMENT
Title General, organic, and biochemistry /
245 #0 - TITLE STATEMENT
Statement of responsibility, etc Katherine J. Denniston, Joseph J. Topping, Robert L. Caret.
250 ## - EDITION STATEMENT
Edition statement 4th Edition
260 ## - PUBLICATION, DISTRIBUTION, ETC. (IMPRINT)
Name of publisher, distributor, etc McGraw-Hill,
260 ## - PUBLICATION, DISTRIBUTION, ETC. (IMPRINT)
Date of publication, distribution, etc 2004
300 ## - PHYSICAL DESCRIPTION
Extent 880 pages :
300 ## - PHYSICAL DESCRIPTION
Other physical details illustrations ;
300 ## - PHYSICAL DESCRIPTION
Dimensions 24 cm.
500 ## - GENERAL NOTE
General note Includes index.
650 ## - SUBJECT ADDED ENTRY--TOPICAL TERM
Topical term or geographic name as entry element Chemistry, Organic.
650 ## - SUBJECT ADDED ENTRY--TOPICAL TERM
General subdivision Biochemistry.
Holdings
Withdrawn status Lost status Damaged status Home library Current library Shelving location Date acquired Cost, normal purchase price Total Checkouts Full call number Barcode Date last seen Price effective from Koha item type
      South Mansfield College South Mansfield College   06/20/2006 798.00   MAIN QD 253.2 .D46 2004 c.2 SMC03304 05/23/2018 05/23/2018  

General, organic, and biochemistry /

APA

Denniston K. J., .General, organic, and biochemistry. : McGraw-Hill.

Chicago

Denniston Katherine J, .General, organic, and biochemistry. : McGraw-Hill.

Harvard

Denniston K. J., .General, organic, and biochemistry. : McGraw-Hill.

MLA

Denniston Katherine J, .: McGraw-Hill. .

  • Place hold
  • Print
  • Cite
  • Add to your cart (remove)
  • Save record
    BIBTEX Dublin Core MARCXML MARC (non-Unicode/MARC-8) MARC (Unicode/UTF-8) MARC (Unicode/UTF-8, Standard) MODS (XML) RIS
  • More searches
    Search for this title in:
    Other Libraries (WorldCat) Other Databases (Google Scholar) Online Stores (Bookfinder.com) Open Library (openlibrary.org)

Exporting to Dublin Core...

SOUTHVILLE LIBRARY

Southville International School and Colleges Library

1281 Tropical Ave. Cor. Luxembourg St., BF Homes International, Las Pinas City

Tel. No. 8256374 / 252358 Loc. 117/146

Powered by Koha